000 01037naa a22003017a 4500
001 BR7405065
003 BR-BrBNA
005 20240918173601.0
007 ta
008 230509b bl.||||| |||| 00| 0 por d
040 _aBR-BrBNA
_bpor
_cBiblioteca Nacional de Agricultura
041 _a(Pt)
072 _aP20
090 _aP20 BR7405065
100 1 _aBruck, E.C.
100 1 _aCavalheiro, F.
100 1 _aSantos Filho, J.B. dos S.
111 1 _a2. Congresso Florestal Brasileiro
_cCuritiba, PR (Brazil)
_d17 Sep 1973
245 1 _aEnsaio global de paisagismo [recurso da terra, floresta, vegetacao]
260 3 _aCuritiba, PR (Brasil):
_c1974.
500 _aAnais do 2. Congresso Florestal Brasileiro Curitiba, PR (Brasil): 1974. p. 298-299 (BR7405065-AM)P20
650 _aRECURSO DA TERRA
650 _aFLORESTA
650 _aVEGETACAO
773 0 _tAnais do 2. Congresso Florestal Brasileiro
_wP20 BR7405065
_gCuritiba, PR (Brasil), 1974. p. 298-299
909 _a202404
_bLucia
_c55
_dLucia Elande
942 _cAM
_2AGRIS
999 _c305577
_d305577